Zespoły występujące w Premier League w XXI w. - Statystyki

Ogólne statystyki
  • Ten quiz został rozwiązany 3 668 razy
    319 od ostatniego zresetowania
  • Średni wynik to 29 z 46
Statystyki odpowiedzi
Ilość Sezonów Sezony Mistrzostwo w XXI w. Obecnie występuje w: Klub % Poprawnych
25 00/01 02/03-25/26 8 Premier League Manchester City
100%
26 00/01-25/26 7 Premier League Manchester United
100%
26 00/01-25/26 5 Premier League Chelsea
98%
26 00/01-25/26 2 Premier League Arsenal
97%
26 00/01-25/26 2 Premier League Liverpool
97%
26 00/01-25/26 - Premier League Tottenham
93%
26 00/01-25/26 - Premier League Everton
88%
23 00/01-15/16 19/20-25/26 - Premier League Aston Villa
87%
23 00/01-02/03 05/06-10/11 12/13-25/26 - Premier League West Ham United
86%
13 00/01-01/02 03/04 14/15-22/23 24/25 1 EFL Championship Leicester City
85%
24 00/01-08/09 10/11-15/16 17/18-25/26 - Premier League Newcastle United
82%
17 00/01-04/05 12/13-22/23 24/25 - EFL Championship Southampton
80%
19 01/02-13/14 18/19 20/21 22/23-25/26 - Premier League Fulham
77%
12 03/04 09/10-11/12 18/19-25/26 - Premier League Wolverhampton
77%
9 17/18-25/26 - Premier League Brighton & Hove Albion
76%
10 09/10 14/15 16/17-21/22 23/24 25/26 - Premier League Burnley
73%
8 00/01-03/04 20/21-22/23 25/26 - Premier League Leeds United
71%
1 23/24 - EFL League One Luton Town
70%
14 04/05 13/14-25/26 - Premier League Crystal Palace
69%
9 15/16-19/20 22/23-25/26 - Premier League Bournemouth
68%
4 22/23-25/26 - Premier League Nottingham Forest
66%
11 01/02-11/12 - EFL Championship Blackburn
65%
7 04/05 11/12-13/14 15/16 19/20 21/22 - EFL Championship Norwich City
65%
15 00/01-02/03 05/06 07/08-16/17 25/26 - Premier League Sunderland
65%
4 06/07 19/20-20/21 23/24 - EFL Championship Sheffield United
64%
5 21/22-25/26 - Premier League Brentford
63%
5 08/09-09/10 13/14-14/15 16/17 - EFL Championship Hull City
55%
13 02/03 04/05-05/06 08/09 10/11-17/18 20/21 - EFL Championship West Bromwich Albion
55%
7 11/12-17/18 - EFL Championship Swansea City
53%
7 06/07 15/16-19/20 21/22 - EFL Championship Watford
51%
3 00/01-01/02 24/25 - EFL Championship Ipswich Town
48%
7 02/03-05/06 07/08 09/10-10/11 - EFL Championship Birmingham City
47%
2 13/14 18/19 - EFL League One Cardiff City
47%
3 11/12-12/13 14/15 - EFL Championship Queens Park Rangers
46%
10 08/09-17/18 - EFL Championship Stoke City
45%
11 01/02-11/12 - EFL League One Bolton
43%
7 03/04-09/10 - EFL Championship Portsmouth
42%
10 00/01-08/09 16/17 - EFL Championship Middlesbrough
40%
3 00/01-01/02 07/08 - EFL Championship Derby County
39%
2 17/18-18/19 - EFL League One Huddersfield Town
36%
8 05/06-12/13 - EFL League One Wigan Athletic
33%
1 10/11 - EFL League One Blackpool
29%
3 06/07-07/08 12/13 - EFL League One Reading
29%
1 00/01 - EFL Championship Coventry City
26%
7 00/01-06/07 - EFL Championship Charlton Athletic
24%
1 00/01 - EFL League One Bradford City
10%
Nie znaleziono quizów pasujących do podanych kryteriów
Rozkład punktacji
Procent ludzi z każdym wynikiem
Percentyl według liczby udzielonych odpowiedzi
Twoja historia wyników
Nie rozwiązałeś tego quizu od ostatniego zresetowania